[Event "European Blitz 2022"]
[Site "Katowice POL"]
[Date "2022.12.16"]
[Round "16.49"]
[White "Kubicka, Anna"]
[Black "Thorfinnsson, Bjorn"]
[Result "0-1"]
[WhiteTitle "WIM"]
[BlackTitle "IM"]
[WhiteElo "2217"]
[BlackElo "2374"]
[WhiteFideId "1152254"]
[BlackFideId "2300982"]
[EventDate "2022.12.16"]

1. e4 e5 2. Nf3 Nc6 3. Bb5 Nge7 4. Nc3 d6 5. O-O Bd7 6. h3 Ng6 7. d4 Be7 8. Nd5
O-O 9. Nxe7+ Qxe7 10. dxe5 dxe5 11. Bg5 f6 12. Be3 a6 13. Bc4+ Be6 14. Qe2 Rfd8
15. Rfd1 Qf7 16. Bb3 Nf8 17. Rxd8 Rxd8 18. Rd1 Rxd1+ 19. Qxd1 Bxb3 20. axb3 Ne6
21. Qd5 Qe7 22. c3 Kf7 23. b4 Qe8 24. Nd2 Qc8 25. Nf1 Ne7 26. Qc4 Qd7 27. Ng3 g6
28. Qe2 Qa4 29. h4 h5 30. Nf1 Qa1 31. Kh2 Qb1 32. Ng3 Nc8 33. Qd2 Nd6 34. Bc5
Ke7 35. Qh6 Nf4 36. Qh7+ Ke6 37. Qg8+ Kd7 38. Bxd6 cxd6 39. Qf7+ Kc6 40. Qe8+
Kc7 41. Qe7+ Kc6 42. Qe8+ Kb6 43. Qd8+ Kb5 44. Qd7+ Kc4 45. Qxb7 Qxb2 46. Qxa6+
Kxc3 47. Qc6+ Kb3 48. Qb6 Qd4 49. Qxd4 exd4 50. b5 Ne6 51. b6 Nc5 52. f4 d3 53.
Nf1 Kc3 54. g4 Kd4 55. f5 gxf5 56. exf5 hxg4 57. h5 Ke4 58. h6 Kf3 59. h7 g3+
60. Nxg3 d2 61. h8=Q 0-1

[Event "European Blitz 2022"]
[Site "Katowice POL"]
[Date "2022.12.16"]
[Round "16.50"]
[White "Marczuk, Dominik"]
[Black "Piesik, Piotr"]
[Result "1/2-1/2"]
[WhiteTitle "FM"]
[BlackTitle "IM"]
[WhiteElo "2253"]
[BlackElo "2420"]
[WhiteFideId "1111264"]
[BlackFideId "1136194"]
[EventDate "2022.12.16"]

1. c4 c6 2. d4 d5 3. cxd5 cxd5 4. Nc3 Nc6 5. Bf4 e5 6. dxe5 d4 7. Ne4 Qb6 8.
Nd6+ Bxd6 9. exd6 Qxb2 10. Nf3 Nf6 11. Rc1 O-O 12. g3 Nd5 13. Bd2 Bf5 14. Bg2
Nc3 15. Qb3 Qxb3 16. axb3 Nb5 17. Rc5 Nxd6 18. Bf4 Be6 19. Bxd6 Rfd8 20. Bf4
Bxb3 21. O-O a5 22. Nd2 Be6 23. Ra1 a4 24. Nc4 Ra6 25. Bxc6 bxc6 26. Na5 Rd5 27.
Rxd5 Bxd5 28. Rxa4 c5 29. Ra3 c4 30. Nxc4 Bxc4 31. Rxa6 Bxa6 32. Be5 Bxe2 33.
Bxd4 1/2-1/2

[Event "European Blitz 2022"]
[Site "Katowice POL"]
[Date "2022.12.16"]
[Round "16.51"]
[White "Mitusov, Semen"]
[Black "Kruckenhauser, Arthur"]
[Result "1-0"]
[WhiteTitle "IM"]
[BlackTitle "FM"]
[WhiteElo "2397"]
[BlackElo "2339"]
[WhiteFideId "14151049"]
[BlackFideId "1642812"]
[EventDate "2022.12.16"]

1. e4 c5 2. Nf3 d6 3. d4 cxd4 4. Nxd4 Nf6 5. Nc3 g6 6. Be3 Bg7 7. f3 O-O 8. Qd2
Nc6 9. O-O-O d5 10. Nxc6 bxc6 11. exd5 Nxd5 12. Bd4 Bxd4 13. Qxd4 Qb6 14. Na4
Qa5 15. b3 Be6 16. Bc4 Rfd8 17. Qc5 Qc7 18. Bxd5 Bxd5 19. Rd4 Be6 20. f4 Rxd4
21. Qxd4 Rd8 22. Qe3 Bd5 23. Rg1 Qd6 24. g3 Be6 25. Nc3 Bg4 26. Rh1 Qd4 27. Qxd4
Rxd4 28. Re1 Rd7 29. Re5 h5 30. Rc5 Bf3 31. a4 Kg7 32. a5 a6 33. Na2 Rd1+ 34.
Kb2 Rd2 35. Nb4 Be2 36. Rxc6 h4 37. gxh4 Bf1 38. Nxa6 Rxh2 39. Nc5 Rxh4 40. a6
Bg2 41. Rb6 Rxf4 42. a7 Rf6 43. Rb8 g5 44. b4 g4 45. b5 g3 46. b6 Bf3 47. b7
Bxb7 48. Nxb7 g2 49. a8=Q Rb6+ 50. Ka2 Kf6 51. Rg8 1-0

[Event "European Blitz 2022"]
[Site "Katowice POL"]
[Date "2022.12.16"]
[Round "16.52"]
[White "Dobrovoljc, Vid"]
[Black "Raczek, Krzysztof"]
[Result "1/2-1/2"]
[WhiteTitle "FM"]
[WhiteElo "2384"]
[BlackElo "2161"]
[WhiteFideId "14609843"]
[BlackFideId "21005303"]
[EventDate "2022.12.16"]

1. Nf3 Nf6 2. g3 g6 3. Bg2 Bg7 4. O-O O-O 5. Nc3 d5 6. d3 c5 7. a3 Nc6 8. Rb1
Re8 9. b4 cxb4 10. axb4 d4 11. Na4 Nd5 12. b5 Nb8 13. Bd2 e5 14. Qc1 b6 15. c4
dxc3 16. Nxc3 Bb7 17. Nxd5 Bxd5 18. Bg5 Qd6 19. Nd2 Bxg2 20. Kxg2 Nd7 21. Ne4
Qe6 22. Qc6 h6 23. Be3 f5 24. Nd2 Qf7 25. Nf3 g5 26. Rfc1 f4 27. Bd2 Nf6 28. Qc4
Re6 29. Bc3 Rae8 30. Ra1 Kh8 31. Nxe5 Qb7+ 32. f3 Rxe5 33. Bxe5 Rxe5 34. Qc8+
Qxc8 35. Rxc8+ Kh7 36. Rxa7 Rxe2+ 37. Kf1 Rxh2 38. gxf4 gxf4 39. Rcc7 Nh5 40.
Rab7 Kh8 41. Rb8+ Kh7 42. Rbb7 Rb2 43. Rxb6 Ng3+ 44. Ke1 Rb1+ 45. Kd2 Rb2+ 46.
Kc1 Ne2+ 47. Kd1 Nc3+ 48. Kc1 Rxb5 49. Rxb5 Nxb5 50. Rc5 Nd4 51. Kd1 Kg6 52. Rd5
Nxf3 53. Ke2 Nd4+ 54. Kf2 Bf6 55. Kg2 h5 56. Kh3 Nf5 57. Rb5 Ne3 58. Rb4 Kf5 59.
Rb5+ Kg6 60. Rb4 Bg5 61. Rb6+ Kf7 62. Rb5 Kf6 63. Rb6+ Ke7 64. Rb5 Kf6 65. d4 f3
66. Kg3 Nf5+ 67. Kf2 Nxd4 68. Rb4 Ke5 69. Rxd4 Kxd4 70. Kxf3 Kd3 71. Kg2 Ke2 72.
Kh1 Kf1 73. Kh2 Be3 74. Kh1 Bf2 75. Kh2 h4 76. Kh1 Bb6 77. Kh2 Bc7+ 78. Kh1 Bd8
79. Kh2 Be7 80. Kh1 Bf6 81. Kh2 Bg5 82. Kh1 1/2-1/2

[Event "European Blitz 2022"]
[Site "Katowice POL"]
[Date "2022.12.16"]
[Round "16.53"]
[White "Kracht, Raphael"]
[Black "Maltsevskaya, Aleksandra"]
[Result "1-0"]
[BlackTitle "IM"]
[WhiteElo "2124"]
[BlackElo "2400"]
[WhiteFideId "16214382"]
[BlackFideId "24174041"]
[EventDate "2022.12.16"]

1. e4 c5 2. d4 cxd4 3. c3 d3 4. Bxd3 Nc6 5. c4 g6 6. Nc3 Bg7 7. Nf3 d6 8. h3 Nf6
9. O-O O-O 10. Qe2 Bd7 11. Be3 Rc8 12. Rac1 a6 13. Rfd1 Be6 14. e5 Nd7 15. exd6
exd6 16. b3 Re8 17. Qd2 Nde5 18. Nxe5 dxe5 19. Be4 Qh4 20. Bg5 Bh6 21. Bxh4 Bxd2
22. Rxd2 Kg7 23. Bxc6 Rxc6 24. f3 b5 25. Nd5 f5 26. c5 a5 27. Bf6+ Kf7 28. Bxe5
Rd8 29. Nb4 Rxc5 30. Rxc5 Rxd2 31. Rc7+ Kg8 32. Nc6 Rxa2 33. Re7 Bxb3 34. Nd4
Bc4 35. Rg7+ Kf8 36. Rxh7 a4 37. Nc6 a3 38. Ra7 f4 39. Bd6+ Ke8 40. Re7+ Kf8 41.
Re2+ Kf7 42. Rxa2 Bxa2 43. Bxa3 Bd5 44. Nd4 Bc4 45. Kf2 Kf6 46. Bb2 Ke7 47. Ne2
g5 48. h4 gxh4 49. Nxf4 b4 50. Ng6+ Ke6 51. Nxh4 Bd3 52. Ke3 Bf1 53. g4 Kd5 54.
Kf4 b3 55. Kg5 Ke6 56. f4 Bd3 57. f5+ Kf7 58. Kf4 Ke7 59. g5 Kd6 60. Nf3 Ke7 61.
Ne5 Bc2 62. g6 Kf6 63. Ng4+ Ke7 64. Kg5 Kf8 65. f6 Bd3 66. Ba3+ 1-0

[Event "European Blitz 2022"]
[Site "Katowice POL"]
[Date "2022.12.16"]
[Round "16.54"]
[White "Madan, Augustin"]
[Black "Przybylski, Wojciech"]
[Result "1-0"]
[WhiteTitle "IM"]
[BlackTitle "FM"]
[WhiteElo "2292"]
[BlackElo "2321"]
[WhiteFideId "1210327"]
[BlackFideId "1117599"]
[EventDate "2022.12.16"]

1. d4 Nf6 2. c4 c6 3. Nf3 d5 4. Nbd2 e6 5. e3 Nbd7 6. Bd3 Be7 7. O-O O-O 8. b3
c5 9. Bb2 cxd4 10. exd4 b6 11. Ne5 Bb7 12. Ndf3 Rc8 13. Rc1 Rc7 14. Qe2 Qa8 15.
Nxd7 Rxd7 16. c5 bxc5 17. dxc5 Ne4 18. b4 a5 19. a3 h6 20. Ne5 Rc7 21. f3 Nf6
22. Bd4 Rfc8 23. Qf2 Nh5 24. b5 f6 25. c6 fxe5 26. Bxe5 Rxc6 27. bxc6 Bxc6 28.
Kh1 Be8 29. Qb2 Nf6 30. Bb5 Bg6 31. a4 Kh7 32. Rxc8 Qxc8 33. Rc1 Qd8 34. Bc7 Qa8
35. Qe5 Bf7 36. Bd6 Bd8 37. Bd3+ Kg8 38. Bc7 Be7 39. Bd6 Bd8 40. Bb5 Qb7 41. Qc3
Ne8 42. Bxe8 Bxe8 43. Qc8 Qd7 44. Qxd7 Bxd7 45. Bc7 Bxc7 46. Rxc7 Bxa4 47. Ra7
Bc2 48. Rxa5 Kf7 49. Ra7+ Kf6 50. f4 g5 51. fxg5+ hxg5 52. Kg1 d4 53. Kf2 Bd1
54. h3 e5 55. Ra6+ Kf5 56. g4+ Kf4 57. Rf6+ Ke4 58. h4 gxh4 59. g5 Bb3 60. g6
Kd3 61. Rf3+ Kc2 62. Rxb3 d3 63. Rxd3 Kxd3 64. g7 e4 65. g8=Q 1-0

[Event "European Blitz 2022"]
[Site "Katowice POL"]
[Date "2022.12.16"]
[Round "16.55"]
[White "Cukrowski, Filip"]
[Black "Kokol, Peter"]
[Result "1-0"]
[WhiteTitle "FM"]
[BlackTitle "FM"]
[WhiteElo "2402"]
[BlackElo "2347"]
[WhiteFideId "1171097"]
[BlackFideId "14604523"]
[EventDate "2022.12.16"]

1. e4 c6 2. d4 d5 3. e5 c5 4. c4 dxc4 5. d5 b5 6. Nc3 a6 7. Nf3 Bb7 8. e6 fxe6
9. Ne5 exd5 10. Qh5+ g6 11. Nxg6 Nf6 12. Qh3 Rg8 13. Nxf8 Rxf8 14. Be2 d4 15.
Bh6 dxc3 16. Rd1 Qa5 17. O-O Rg8 18. Bh5+ Nxh5 19. Qxh5+ Rg6 20. Rfe1 Nd7 21.
Rxe7+ Kxe7 22. Bg5+ Rxg5 23. Qxg5+ Ke6 24. Qg4+ Kf6 25. Rd6+ Ke7 26. Qe6+ Kf8
27. Rxd7 Bd5 28. Qe7+ Kg8 29. Qg7# 1-0

[Event "European Blitz 2022"]
[Site "Katowice POL"]
[Date "2022.12.16"]
[Round "16.56"]
[White "Seemann, Jakub"]
[Black "Wojdak, Jan"]
[Result "1-0"]
[WhiteTitle "FM"]
[WhiteElo "2365"]
[BlackElo "2115"]
[WhiteFideId "21874697"]
[BlackFideId "21817111"]
[EventDate "2022.12.16"]

1. d4 d5 2. c4 e6 3. Nf3 Nf6 4. g3 Nc6 5. Bg2 Bd6 6. O-O O-O 7. Qc2 dxc4 8. Qxc4
e5 9. dxe5 Nxe5 10. Nxe5 Bxe5 11. Nc3 c6 12. Bf4 Qc7 13. Rfd1 Be6 14. Bxe5 Qxe5
15. Qb4 Rab8 16. Rd2 c5 17. Qa5 a6 18. Rad1 h6 19. Qb6 Kh7 20. a4 Rfc8 21. a5
Qc7 22. Qxc7 Rxc7 23. Rd6 Rd7 24. Ne4 Rc7 25. Nxf6+ gxf6 26. Rb6 c4 27. h4 Rc5
28. Ra1 Rb5 29. Kf1 Kg7 30. Ke1 Kf8 31. Kd2 Ke7 32. Kc3 Rxb6 33. axb6 Kd6 34.
Ra5 Bd7 35. Rh5 Re8 36. e3 Bc6 37. Bxc6 Kxc6 38. Rxh6 Re6 39. Kxc4 Kxb6 40. Rh7
Rc6+ 41. Kb3 Rc7 42. h5 Kc5 43. Rh6 Rc6 44. g4 Kd5 45. g5 Ke5 46. f4+ Kf5 47.
Rxf6+ Rxf6 48. gxf6 Kxf6 49. e4 Kg7 50. Kc4 Kh6 51. Kd5 Kxh5 52. Ke5 Kg4 53. f5
Kg5 54. Kd5 Kf4 55. f6 Kg5 56. e5 Kf5 57. Kd6 b5 58. e6 1-0

[Event "European Blitz 2022"]
[Site "Katowice POL"]
[Date "2022.12.16"]
[Round "16.57"]
[White "Paehtz, Elisabeth"]
[Black "Czernek, Tymon"]
[Result "0-1"]
[WhiteTitle "GM"]
[BlackTitle "FM"]
[WhiteElo "2464"]
[BlackElo "2302"]
[WhiteFideId "4641833"]
[BlackFideId "1199510"]
[EventDate "2022.12.16"]

1. d4 Nf6 2. Nf3 g6 3. Bg5 Bg7 4. Nbd2 d5 5. c3 O-O 6. e3 c6 7. Be2 Ne4 8. Nxe4
dxe4 9. Nd2 f5 10. Qb3+ Kh8 11. h4 h5 12. Bf4 Nd7 13. O-O-O a5 14. Kb1 a4 15.
Qc2 b5 16. f3 exf3 17. Bxf3 Qb6 18. e4 e5 19. Bxe5 Nxe5 20. dxe5 f4 21. e6 Bxe6
22. e5 b4 23. cxb4 a3 24. b3 Bf5 25. Be4 Qd4 26. Bxf5 Qxe5 27. Kc1 Rxf5 28. Nc4
Qa1+ 29. Qb1 Qc3+ 30. Qc2 Qa1+ 31. Qb1 Qf6 32. Rd3 Rd5 33. Rhd1 Rad8 34. Kc2
Rxd3 35. Rxd3 Rxd3 36. Kxd3 Qf5+ 0-1

[Event "European Blitz 2022"]
[Site "Katowice POL"]
[Date "2022.12.16"]
[Round "16.59"]
[White "Asllani, Muhamet"]
[Black "Aksonova, Tetiana"]
[Result "1-0"]
[BlackTitle "WFM"]
[WhiteElo "2228"]
[BlackElo "2192"]
[WhiteFideId "22100300"]
[BlackFideId "14106086"]
[EventDate "2022.12.16"]

1. e4 c5 2. Nf3 d6 3. d4 cxd4 4. Nxd4 Nf6 5. Nc3 g6 6. Bg5 Bg7 7. Qd2 Nc6 8.
Nxc6 bxc6 9. Bc4 O-O 10. Bb3 a5 11. O-O Qc7 12. Rfe1 Rd8 13. Bh6 Bh8 14. Rad1
Ba6 15. f3 Nd7 16. Qf4 Ne5 17. h4 Bc4 18. h5 Bxb3 19. axb3 Bg7 20. Bxg7 Kxg7 21.
h6+ Kg8 22. Rd2 Qb6+ 23. Kh1 Nd7 24. Red1 Qc5 25. Na4 Qh5+ 26. Kg1 Rab8 27. Qe3
Ne5 28. Qf4 Rf8 29. Nc3 f5 30. Re1 fxe4 31. Qxe4 Qxh6 32. Rde2 Rf4 33. Qe3 Rbf8
34. Rf2 Qh4 35. Ne2 R4f5 36. Nd4 Rh5 37. Kf1 Qg3 38. Ke2 Rh2 39. Rg1 Qf4 40.
Qxf4 Rxf4 41. Ke3 Rf7 42. Ra1 c5 43. Ne6 Nc6 44. Ng5 Rf8 45. Ra4 h6 46. Ne4 Kg7
47. Nc3 e6 48. Ne4 Rd8 49. Rd2 Nd4 50. Rxa5 g5 51. Ra6 Kg6 52. Rxd6 Nf5+ 53. Kf2
Nxd6 54. Nxd6 e5 55. Rd3 h5 56. Rd2 Rh1 57. c3 Rb1 58. Ke3 g4 59. fxg4 hxg4 60.
Kf2 Rf8+ 61. Kg3 Rf4 62. Nc4 Kf5 63. Re2 e4 64. Ne3+ Kg5 65. Rd2 Rf7 66. Rd5+
Kg6 67. Nxg4 Kg7 68. Rg5+ Kf8 69. Rxc5 Rxb2 70. b4 Rb3 71. Ne5 Rg7+ 72. Kf4 Rxg2
73. Kxe4 Rc2 74. Kd3 Rc1 75. Nc6 Ke8 76. Nd4 Rbb1 77. Kc4 Kd7 78. b5 Kd6 79.
Rc6+ Kd7 80. Ne6 Rh1 81. Nc5+ Kd8 82. Ne6+ Kd7 83. Nc5+ Kd8 84. Ne6+ Kd7 85. Nd4
Rh5 86. Rg6 Kc7 87. Rg7+ Kb6 88. Rg6+ Kc7 89. Rc6+ Kb7 90. Rf6 Kc7 91. Ne6+ Kb7
92. Nc5+ Kc7 93. Rf7+ Kd6 94. Ne4+ Ke6 95. Rb7 Rh4 96. Kd3 Rh3+ 97. Kd4 Rd1+ 98.
Kc4 Rh4 99. Rb6+ Kd7 100. Rb7+ Ke6 101. Rb6+ Kd7 102. Rb7+ Ke8 1-0

[Event "European Blitz 2022"]
[Site "Katowice POL"]
[Date "2022.12.16"]
[Round "16.60"]
[White "Uruci, Endrit"]
[Black "Aymerich Verdaguer, Eduard"]
[Result "0-1"]
[WhiteTitle "FM"]
[BlackTitle "CM"]
[WhiteElo "2297"]
[BlackElo "2208"]
[WhiteFideId "22100199"]
[BlackFideId "32049293"]
[EventDate "2022.12.16"]

1. e4 c5 2. Nf3 e6 3. d4 cxd4 4. Nxd4 Nc6 5. Nc3 Qc7 6. Ndb5 Qb8 7. Be3 a6 8.
Nd4 Qc7 9. Be2 Nf6 10. O-O Be7 11. a4 O-O 12. Kh1 d6 13. f4 Nxd4 14. Qxd4 e5 15.
Qc4 Qxc4 16. Bxc4 Be6 17. Bxe6 fxe6 18. f5 exf5 19. Rxf5 Rac8 20. Bg5 Rc4 21.
Bxf6 Bxf6 22. Rd1 g6 23. Rf2 Be7 24. Re2 Rfc8 25. Nd5 Bd8 26. c3 Rxa4 27. Rf1
Kg7 28. g3 Rcc4 29. Nb4 a5 30. b3 Rcxb4 31. bxa4 Rxa4 32. Ref2 Rxe4 33. Rf8 Bb6
34. R1f7+ Kh6 35. Rxb7 Bc5 36. Rff7 Kg5 37. Rxh7 Kg4 38. Rh4+ Kf3 39. Rxe4 Kxe4
40. Rg7 a4 41. Rxg6 a3 42. Rg8 Kd3 43. h4 Kxc3 44. h5 e4 45. g4 a2 46. Ra8 Kb2
47. h6 Ba3 48. Rb8+ Kc2 49. Rc8+ Kd2 50. h7 a1=Q+ 51. Kg2 Bb2 52. g5 Ke3 53. Rf8
Be5 54. g6 Qb2+ 55. Kh3 Bf4 56. Kg4 Qg2+ 57. Kf5 Qg5+ 58. Ke6 Qxg6+ 0-1

[Event "European Blitz 2022"]
[Site "Katowice POL"]
[Date "2022.12.16"]
[Round "16.61"]
[White "Batsiashvili, Nino"]
[Black "Kovalevsky, Stanislav"]
[Result "1-0"]
[WhiteTitle "GM"]
[BlackTitle "FM"]
[WhiteElo "2493"]
[BlackElo "2237"]
[WhiteFideId "13602993"]
[BlackFideId "13508598"]
[EventDate "2022.12.16"]

1. d4 Nf6 2. Nf3 d5 3. Bf4 e6 4. e3 Nbd7 5. Nbd2 Ne4 6. Nxe4 dxe4 7. Nd2 f5 8.
f3 exf3 9. Qxf3 Bd6 10. Bd3 O-O 11. Nc4 Qe7 12. O-O a6 13. Qg3 Bxf4 14. exf4 b5
15. Nd2 Qb4 16. Nb3 Bb7 17. Rae1 Bd5 18. c3 Qa4 19. Nc1 c5 20. b3 Qa3 21. c4
bxc4 22. bxc4 Bb7 23. Rxe6 cxd4 24. Rfe1 Nc5 25. Re7 Rf7 26. Rxf7 Kxf7 27. Bxf5
Qxg3 28. hxg3 Rb8 29. Nd3 Nxd3 30. Bxd3 Kf6 31. g4 Ba8 32. g5+ Kf7 33. Re2 h6
34. gxh6 gxh6 35. c5 a5 36. Kf2 Kf6 37. g4 Rc8 38. Rc2 Bd5 39. Kg3 Re8 40. Re2
Rxe2 41. Bxe2 Bxa2 42. Bb5 Be6 43. Kf3 Bd5+ 44. Ke2 Be4 45. Kd2 Ke6 46. Ba4 Kd5
47. c6 Kd6 48. f5 Bxc6 49. Bxc6 Kxc6 50. Kd3 Kd5 51. Kd2 a4 52. Kc2 Ke5 53. Kb2
d3 54. Kc3 a3 55. Kxd3 a2 56. Kc2 a1=Q 1-0

[Event "European Blitz 2022"]
[Site "Katowice POL"]
[Date "2022.12.16"]
[Round "16.62"]
[White "Jarmula, Lukasz"]
[Black "Reza, Wojciech"]
[Result "1-0"]
[WhiteTitle "GM"]
[BlackTitle "FM"]
[WhiteElo "2469"]
[BlackElo "2290"]
[WhiteFideId "1160664"]
[BlackFideId "1151967"]
[EventDate "2022.12.16"]

1. e4 e5 2. Nf3 Nc6 3. Bb5 a6 4. Ba4 Nf6 5. O-O Be7 6. Re1 b5 7. Bb3 d6 8. c3
O-O 9. h3 Bb7 10. d4 Re8 11. Nbd2 Bf8 12. a3 h6 13. Bc2 Nb8 14. Nf1 Nbd7 15. Ng3
g6 16. a4 c5 17. d5 c4 18. Be3 Qc7 19. Qd2 Kh7 20. Nh4 Bg7 21. Rf1 Nc5 22. f4
exf4 23. Rxf4 Kg8 24. Bd4 Ncd7 25. Raf1 Re5 26. Bxe5 dxe5 27. R4f2 Rf8 28. axb5
axb5 29. Rf3 Ne8 30. Nhf5 gxf5 31. Nxf5 Kh8 32. Rg3 Qb6+ 33. Kh1 Rg8 34. d6 Bf8
35. Rxg8+ Kxg8 36. Ne7+ Bxe7 37. dxe7 Qe6 38. Rf3 Qxe7 39. Qxh6 f6 40. Rg3+ Ng7
41. Qe3 Nf8 42. Bd1 Bc8 43. Kg1 Bd7 44. h4 Kf7 45. h5 Nxh5 46. Bxh5+ Ke6 47.
Bg4+ Kd6 48. Qb6+ Bc6 49. Qb8+ Kc5 50. Bf5 Nd7 51. Qa7+ Kd6 52. Rf3 Qd8 53. Rf1
Nc5 54. Rd1+ Nd3 55. Qe3 Qh8 56. b4 Kc7 57. Qa7+ Kd6 58. Qc5+ Kc7 59. Qe7+ Kb6
60. Ra1 Qb8 61. Bc8 Bb7 62. Bxb7 Qxb7 63. Qd6+ Qc6 64. Ra6+ 1-0

[Event "European Blitz 2022"]
[Site "Katowice POL"]
[Date "2022.12.16"]
[Round "16.63"]
[White "Cherniaiev, Tykhon"]
[Black "Piotrowski, Przemyslaw"]
[Result "1-0"]
[WhiteTitle "FM"]
[BlackTitle "FM"]
[WhiteElo "2330"]
[BlackElo "2247"]
[WhiteFideId "14182360"]
[BlackFideId "1127063"]
[EventDate "2022.12.16"]

1. Nf3 g6 2. d4 Nf6 3. Nbd2 d5 4. c4 c6 5. e3 Bg7 6. Bd3 O-O 7. O-O Bf5 8. Qc2
Bxd3 9. Qxd3 Nbd7 10. b3 Re8 11. Bb2 a6 12. a4 a5 13. e4 dxe4 14. Nxe4 Nxe4 15.
Qxe4 Qb6 16. Qc2 e5 17. Rad1 exd4 18. Nxd4 Nc5 19. Rfe1 Rxe1+ 20. Rxe1 Rd8 21.
Qe2 Nxb3 22. Nxb3 Qxb3 23. Bxg7 Kxg7 24. Qe5+ Kg8 25. Qxa5 Rd1 26. c5 Qxa4 27.
Qc3 Qd4 28. Qa5 Kg7 29. g3 Rxe1+ 30. Qxe1 Qxc5 31. Qa1+ f6 32. Qd1 Qe7 33. Qd4
Qc7 34. Qc5 b6 35. Qc4 c5 36. h4 h5 37. Kh2 Qc6 38. Qe2 Qd7 39. Qc4 Qd4 40. Qe2
Kf8 41. Qf3 Kg7 42. Qb7+ Kh6 43. Kg2 Qd6 44. Qf7 Qd8 45. Qc4 Kg7 46. Qe6 Qc7 47.
Qc4 Qc6+ 48. Kh2 b5 49. Qd3 Qb7 50. Qe3 b4 51. Qxc5 b3 52. Qc1 b2 53. Qb1 Qb6
54. Kg1 Qb3 55. Kh2 Qb6 56. Kg1 Qb3 57. Kh2 Qc3 58. Qe4 Qc7 59. Qb4 Qe5 60. Qb7+
Kf8 61. Qb4+ Ke8 62. Qb7 Kd8 63. Qb6+ Kd7 64. Qb7+ Kd6 65. Qb6+ Kd5 66. Qb5+ Kd4
67. Qxb2+ Ke4 68. Qc2+ Kd5 69. Qxg6 Ke6 70. Qe8+ Kf5 71. Qxe5+ fxe5 72. Kg2 Ke4
73. f3+ Kf5 74. Kf2 e4 75. f4 Kg4 76. Ke3 1-0

[Event "European Blitz 2022"]
[Site "Katowice POL"]
[Date "2022.12.16"]
[Round "16.64"]
[White "Psyk, Radoslaw"]
[Black "Salna, Aleksandras"]
[Result "1-0"]
[WhiteElo "2438"]
[BlackElo "2191"]
[WhiteFideId "1182838"]
[BlackFideId "12807575"]
[EventDate "2022.12.16"]

1. e4 c5 2. Be2 Nc6 3. d3 d6 4. f4 g6 5. Nf3 Bg7 6. O-O e6 7. c3 Nge7 8. Be3 O-O
9. d4 cxd4 10. cxd4 d5 11. e5 Nf5 12. Bf2 h5 13. Na3 Bd7 14. Nc2 Qb6 15. b3 Rac8
16. Bd3 Nb4 17. Nxb4 Qxb4 18. h3 Bb5 19. Be1 1-0

[Event "European Blitz 2022"]
[Site "Katowice POL"]
[Date "2022.12.16"]
[Round "16.65"]
[White "Barski, Radoslaw"]
[Black "Redzisz, Michal"]
[Result "0-1"]
[WhiteTitle "IM"]
[BlackTitle "FM"]
[WhiteElo "2441"]
[BlackElo "2260"]
[WhiteFideId "1131710"]
[BlackFideId "21816107"]
[EventDate "2022.12.16"]

1. e4 c6 2. d4 d5 3. e5 c5 4. dxc5 e6 5. a3 Bxc5 6. Qg4 Ne7 7. b4 Bb6 8. Nf3
Nbc6 9. Bd3 Qc7 10. Bb2 Ng6 11. O-O O-O 12. Re1 f5 13. exf6 e5 14. Qh5 Rxf6 15.
c4 dxc4 16. Bxc4+ Kh8 17. Nbd2 Bf5 18. Ng5 Nf4 19. Nf7+ Rxf7 20. Qxf7 Qxf7 21.
Bxf7 Nd3 22. Reb1 Nxb2 23. Rxb2 Bd4 24. Raa2 Bxb2 25. Rxb2 Rd8 26. Bc4 Nd4 27.
h3 b5 28. Bf1 Rc8 29. g4 Be6 30. Ne4 Rc1 31. Kg2 Bd5 32. f3 Nxf3 33. Kxf3 Rxf1+
34. Ke2 Rf8 35. Nc5 Bc4+ 36. Ke3 h5 37. Rd2 hxg4 38. hxg4 Rf4 39. g5 Rg4 40. Ne4
Kg8 41. Rd7 a6 42. Rd6 Rg1 43. g6 Kf8 44. Rxa6 Re1+ 45. Kf3 Bd5 0-1

[Event "European Blitz 2022"]
[Site "Katowice POL"]
[Date "2022.12.16"]
[Round "16.66"]
[White "Haydon, David L"]
[Black "Tuomainen, Felix"]
[Result "1-0"]
[WhiteTitle "FM"]
[BlackTitle "FM"]
[WhiteElo "2289"]
[BlackElo "2232"]
[WhiteFideId "415405"]
[BlackFideId "1720813"]
[EventDate "2022.12.16"]

1. Nf3 Nf6 2. e3 c5 3. b3 g6 4. Bb2 Bg7 5. c4 O-O 6. Be2 b6 7. O-O Bb7 8. Nc3 d5
9. cxd5 Nxd5 10. Qc2 Nc6 11. a3 e6 12. Rfd1 Qe7 13. Rac1 Rac8 14. Ne4 Bxb2 15.
Qxb2 f5 16. Nc3 Qg7 17. Bc4 Rcd8 18. d4 Kh8 19. Bxd5 exd5 20. dxc5 bxc5 21. Na4
c4 22. Qxg7+ Kxg7 23. Nc5 Bc8 24. h3 cxb3 25. Nxb3 Rd6 26. Rc5 Rfd8 27. Rdc1 Ne7
28. Rc7 Kf6 29. Nbd4 Be6 30. Rxa7 h6 31. Rcc7 Ng8 32. Nxe6 Kxe6 33. Rg7 g5 34.
Rg6+ Nf6 35. Rxh6 g4 36. hxg4 fxg4 37. Nd4+ Ke5 38. Re7+ 1-0

[Event "European Blitz 2022"]
[Site "Katowice POL"]
[Date "2022.12.16"]
[Round "16.67"]
[White "Hasterok, Mateusz"]
[Black "Stremavicius, Pijus"]
[Result "1-0"]
[BlackTitle "FM"]
[WhiteElo "2162"]
[BlackElo "2369"]
[WhiteFideId "21822352"]
[BlackFideId "12812730"]
[EventDate "2022.12.16"]

1. d4 d6 2. c4 e5 3. Nc3 exd4 4. Qxd4 Nc6 5. Qd2 Nf6 6. Nf3 Be6 7. b3 a5 8. g3
a4 9. Nxa4 d5 10. cxd5 Nxd5 11. a3 b5 12. Nc3 Bb4 13. Bb2 Bxc3 14. Bxc3 Nxc3 15.
Qxc3 Na5 16. Qxg7 Rf8 17. Rd1 Qe7 18. Bg2 Bxb3 19. Rd3 Rd8 20. Rxd8+ Qxd8 21.
O-O Be6 22. Ng5 Qd7 23. Qc3 Nc4 24. a4 c6 25. Nxh7 Qd6 26. Nxf8 Kxf8 27. axb5
cxb5 28. Ra1 Nb6 29. Qh8+ Ke7 30. Ra7+ Nd7 31. Qh4+ f6 32. Qh7+ Bf7 33. Bf3 Qd4
34. Rb7 b4 35. Bh5 Qd1+ 36. Kg2 Qd5+ 37. Bf3 Qd1 38. h4 Kf8 39. Qd3 Ne5 1-0

[Event "European Blitz 2022"]
[Site "Katowice POL"]
[Date "2022.12.16"]
[Round "16.68"]
[White "Plaskan, Jure"]
[Black "Minald, Andrey"]
[Result "0-1"]
[WhiteElo "2241"]
[BlackElo "2091"]
[WhiteFideId "14605252"]
[BlackFideId "13506854"]
[EventDate "2022.12.16"]

1. e4 c5 2. Nf3 d6 3. d4 cxd4 4. Nxd4 Nf6 5. Nc3 a6 6. Bc4 e6 7. a4 Nc6 8. Be3
Be7 9. O-O Bd7 10. Qe2 O-O 11. Bb3 Qc7 12. f4 Rac8 13. g4 Nxd4 14. Bxd4 e5 15.
Be3 Bxg4 16. Qg2 Be6 17. f5 Bxb3 18. cxb3 Kh8 19. Kh1 Rfd8 20. Rac1 Qd7 21. Rg1
Rg8 22. Rcd1 b5 23. axb5 axb5 24. Nd5 Qb7 25. Rd2 g6 26. Bh6 Nxd5 27. Rxd5 Rc5
28. f6 Rxd5 29. Bg7+ Rxg7 30. fxg7+ Kxg7 31. exd5 f5 32. Rc1 e4 33. Qd2 Bf6 34.
Rc6 Be5 35. Qa5 Kf6 36. Qd8+ Kg7 37. Rc7+ Qxc7 38. Qxc7+ Kf6 39. Qd8+ Kf7 40.
Qd7+ Kf6 41. Qxb5 Bxb2 42. Qe2 Bd4 43. Qc4 Ke5 44. b4 f4 45. Qc8 f3 46. Qe6+ Kf4
47. Qxd6+ Ke3 48. Qc6 Kd2 49. Qc4 Ke3 50. Qb3+ Ke2 51. d6 f2 52. Qc2+ Ke1 53.
Qc1+ Ke2 54. Kg2 e3 55. Qf1+ Kd2 56. Qb1 e2 57. Qa2+ Ke3 58. Qb3+ Kd2 59. Qa2+
Kd1 60. Qa4+ Ke1 61. d7 f1=Q+ 0-1